000 004360000a22001810004500
003 MACL
005 20160131124501.0
008 160131b xxu||||| |||| 00| 0 eng d
040 _aMACL
_cmacl
041 _aEnglish
082 _a910
100 _aNCERT
_94590
245 _aSocial Science The Earth Our Habitat
_bClass VI
260 _bNCERT
_c2010
_aNew Delhi
350 _a30
650 _aGeography
_936331
942 _cBK
_k910
_2ddc
999 _c45621
_d45621